00273nam a2200121Ia 4500008004100000100001700041245002100058260002500079300001100104650001200115942000700127999001700134190216s9999||||xx |||||||||||||| ||und|| aMaini Anil K 0aBasic Television bCbs Publishersc1984 a17.74p aPhysics cBK c32957d32957